Countries From Four Words #6 - Statistics

General Stats
  • This quiz has been taken 332 times
  • The average score is 6 of 12
Answer Stats
Country % Correct
Iran
78%
India
68%
Gabon
60%
Ghana
56%
Benin
55%
Niger
53%
Nigeria
52%
Indonesia
50%
Grenada
42%
Serbia
42%
Bahrain
41%
Bosnia and Herzegovina
25%
No matching quizzes found
Score Distribution
Percent of People with Each Score
Percentile by Number Answered
Your Score History
You have not taken this quiz